000 01317nam2a2200265 4500
001 RU\NLR\BIBL_A\022670606
005 20260113120159.0
010 _a978-5-389-29810-1
_94000
021 _aRU
_bАЛ-П-25-01069и
_9АЛ-П-25-0208
035 _a(NLR Aleph) 022670606
090 _a13468955
_c13468955
100 _a20251120d2025 u y0rusy50 ca
101 1 _arus
_cchi
102 _aRU
105 _aa t 000ay
200 1 _aПоступление в ученики
_hТ. 1-3]
210 _d2025
215 _a[2], 422, [1] с.
_cцв. ил.
461 0 _1001RU\NLR\BIBL_A\022670598
_12001#$aРасколотая битвой синева небес$e[маньхуа]$fТяньцань Тудоу$gперевод с китайского Татьяны Карповой]$fхудожник Жэнь Сян & Joe$v[Кн. 1
_1700#0$aТяньцань Тудоу$f1989-$3RU\NLR\AUTH\770287804
_913514579
_aТяньцань Тудоу (1989-)
_cСанкт-Петербург
_d2025-
_fТяньцань Тудоу
_nАзбука
_o[маньхуа]
_tРасколотая битвой синева небес
_v[Кн. 1
942 _cBOOK
980 _aNB